00959nam a2200229 a 4500001000200000003000900002005001700011008004100028040002400069082002500093110005500118245013700173260003700310300001700347500000600364500006000370534010900430610005000539650005700589650004400646651003900690 DO-SdBNP20210722103103.0150408s1998 dr 000 0 spa d aBPMSU bspacBPMSU  a972.93054bD637u2222 aRepública Dominicanab Unión de Nacionalistas 10aDocumentos de la Unión Nacionalista :bun testimonio para la historia dominicana del 30 de marzo de 1992 al 27 de febrero de 1998. aSanto Domingo :bCollado,c1998. av. ;c22 cm. a  aPerteneció a la biblioteca personal de Carmen Herrera aTítulo original :tUnión Nacionalista documentos del 30 de marzo de 1992 al 27 de febrero de 19983  4aUnión Nacionalista (República Dominicana) 4aMovimientos revolucionarioszRepública Dominicana  4aNacionalismo zRepública Dominicana  4aRepública Dominicana xHistoria